| 000 | 01181njm a22002897a 4500 | ||
|---|---|---|---|
| 005 | 20100910115542.0 | ||
| 006 | a|||||r|||||00| 0 | ||
| 007 | sd ammalaaahaa | ||
| 008 | 100910t xxu||||| |||| 00| 0 eng d | ||
| 028 |
_a45-AE.1348 _bAngel Records |
||
| 035 | _aGR-01935 | ||
| 040 |
_aSED _cSED |
||
| 100 |
_917690 _aMohd Rafi |
||
| 245 |
_aAnjaana / _cby Mohd.Rafi [and] Lata Mangeskar ; music by Laxmikant Pyarelal;lyric by Anand Bakshi _h[Sound Recording] : |
||
| 246 | _aअनजाना / | ||
| 260 |
_aDum Dum India _bAngel Records _c1969 |
||
| 300 |
_a1 sound disc (Gramophone Recording) _banalog, 45 rpm _c7 in. (SP) _fGramophone Record |
||
| 500 | _aBrief Record | ||
| 505 | _aSide-1 रिम जिम के गीत (Rim jim key geet )(Mohd.Rafi) -- Side-2 हम बहनों के लिए (Hum Bhano ke liye) (Lata Mangeskar) | ||
| 650 |
_aInstrumental Classical Music _xExcerpts _zIndia _917691 |
||
| 700 |
_aMangeskar, Lata _919388 |
||
| 700 | _919389 | ||
| 700 |
_aLaxmikant Pyarelal _919390 |
||
| 700 |
_aAnand Bakshi _919391 |
||
| 942 |
_2ddc _cGR |
||
| 999 |
_c45071 _d45071 |
||